00649nam a2200193Ia 4500008004100000082001700041100001800058245004300076250000800119260002500127300001300152500002400165650001500189700001500204942000700219952010600226952010600332999001700438230524s9999 xx 000 0 und d a241.644bJAN aB.Janakiraman 0aTotal Quality Management: Text & Cases a3RD aNEW DELHIbPHIc2008 aVIII;249 aQuantity Number: 2 aManagement a R.K.Gopal cBK 00104070aTATCLbTATCLcGENd2023-05-24l0o241.644 JANp42893r2023-05-24w2023-05-24yBKzMBA306E 00104070aTATCLbTATCLcGENd2023-05-24l0o241.644 JANp42894r2023-05-24w2023-05-24yBKzMBA306E c49326d49326